000 01128nam a22002897a 4500
999 _c2398
_d2398
003 AR-CdUCM
008 190304b ||||| |||| 00| 0 spa d
040 _aMUNICIPALIDAD PROVINCIAL DEL CUSCO
_cBIBLIOTECA MUNICIPAL DEL CUSCO
082 _a309.086 /
_bIN59M
110 _aInstituto de Cooperación Iberoamericana
_94266
245 _aMedina Echevarría y la sociología latinoamericana /
260 _aMadrid :
_bEdiciones Cultura Hispánica,
_c1982.
300 _a159 páginas ;
_c23 cm.
505 _aContenido: Intervenciones en el acto de homenaje a Don José Medina Echevaria -- Ponencias presentadas al simposio en torno a la obra de Don José Medina Echevarría ...
650 _a José Medina Echevarría
_98614
650 _aSimposio - Coloquio
_98615
650 _asociología
_9276
700 _aCardoso, Fernando H.
_92026
700 _aFaletto, Enzo
_92027
700 _aGraciarena, Jorge
_98616
700 _aGurrieri, Adolfo
_98617
700 _aPinto, Aníbal
_98618
700 _aPrebisch, Raul
_98619
700 _aWolfe, Marshall
_98620
942 _2ddc
_cLIBROS
945 _alccs
_d2019-03-04